| 000 | 00607nam a2200193Ia 4500 | ||
|---|---|---|---|
| 003 | GCL | ||
| 008 | 140319s9999 xx 000 0 ara d | ||
| 040 |
_aGCL / _cGCL |
||
| 082 | 0 | 4 |
_a709.766 _bم ص |
| 100 | 1 | _aمحمد مصطفى | |
| 245 | 1 | 0 |
_aصور من مدرسة بهزاد: فى المجموعات الفنية بالقاهرة / _cمحمد مصطفى |
| 300 | _a34 ص | ||
| 490 |
_aسلسلة الينبوع الفضى _v0 |
||
| 650 | 0 | 4 | _aالفن |
| 650 | 0 | 4 | _aالفنون الاسلامية |
| 650 | 0 | 4 | _aالفن الايرانى |
| 650 | 0 | 4 | _aالفن الاسلامى |
| 942 |
_2ddc _cBK |
||
| 999 |
_c41180 _d41180 |
||